Salad Days Tracklist (Mac DeMarco) - Statistics

General Stats
  • This quiz has been taken 91 times
  • The average score is 7 of 11
Answer Stats
Hint Answer % Correct
1 Salad Days
97%
9 Chamber Of Reflection
90%
2 Blue Boy
69%
3 Brother
68%
8 Treat Her Better
63%
4 Let Her Go
57%
7 Passing Out Pieces
56%
5 Goodbye Weekend
49%
6 Let My Baby Stay
46%
10 Go Easy
42%
11 Johnny's Odyssy
32%
No matching quizzes found
Score Distribution
Percent of People with Each Score
Percentile by Number Answered
Your Score History
You have not taken this quiz